000 00841cam a2200253 a 4500
005 20031230185550.0
008 940308s1993 enkab b 001 0 eng
010 _aENG-101696
020 _c399.00
_a9788184000368
035 _aEN-85229
037 _bDBAD/PUB
040 _adpl
_bEng
082 _a881
100 1 _922405
_aBedi, Freda
245 1 0 _aRhymes foer Ranga/
_cby Freda Bedi ; illustrated by Anna Bhushan
260 _aNoida
_bRandom House India
_c2010
270 _aMind Mill Corporate Tower, 2nd Floor, Plot No 24A Sector 16A,
_bNoida
_e201301
300 1 _a88p. :
_c25cm (Hb)
_bill.
650 0 _922448
651 _922481
700 _922431
_aAnna Bhushan
942 _2ddc
_cEN
_mBED
_h881
999 _c48312
_d48312